000
00300nam a22001337a 4500
008
171031b xxu||||| |||| 00| 0 eng d
020
_a
9780333572481
041
_a
eng
080
_a
331.101.262
100
_a
52
101
_a
BNJ
245
_a
HUMAN RESOURCE MANAGEMENT
_c
LEGGE,K
942
_2
udc
_c
BK
999
_c
36667
_d
36667